Palabra por palabra : (Record no. 645)
[ view plain ]
| 000 -LEADER | |
|---|---|
| fixed length control field | 00632nam a22002057a 4500 |
| 005 - DATE AND TIME OF LATEST TRANSACTION | |
| control field | 20190910121909.0 |
| 008 - FIXED-LENGTH DATA ELEMENTS--GENERAL INFORMATION | |
| fixed length control field | 190910b ||||| |||| 00| 0 eng d |
| 020 ## - INTERNATIONAL STANDARD BOOK NUMBER | |
| International Standard Book Number | 9781510434820 |
| 040 ## - CATALOGING SOURCE | |
| Transcribing agency | KH8 |
| 082 ## - DEWEY DECIMAL CLASSIFICATION NUMBER | |
| Classification number | 468 THA |
| 100 ## - MAIN ENTRY--PERSONAL NAME | |
| Personal name | Thacker, Mike |
| 245 ## - TITLE STATEMENT | |
| Title | Palabra por palabra : |
| Remainder of title | Spanish vocabulary for AQA A-level / |
| Statement of responsibility, etc. | Mike Thacker, Phil Turk. |
| 250 ## - EDITION STATEMENT | |
| Edition statement | 6th ed. |
| 260 ## - PUBLICATION, DISTRIBUTION, ETC. | |
| Place of publication, distribution, etc. | London : |
| Name of publisher, distributor, etc. | Hodder Education, |
| Date of publication, distribution, etc. | 2018. |
| 300 ## - PHYSICAL DESCRIPTION | |
| Extent | 168 p. ; |
| Dimensions | 20 cm. |
| 650 ## - SUBJECT ADDED ENTRY--TOPICAL TERM | |
| Topical term or geographic name entry element | Spanish language |
| Form subdivision | Textbooks for foreign speakers |
| General subdivision | English |
| 650 ## - SUBJECT ADDED ENTRY--TOPICAL TERM | |
| Topical term or geographic name entry element | Spanish language |
| Form subdivision | Vocabulary |
| 700 ## - ADDED ENTRY--PERSONAL NAME | |
| Personal name | Turk, Phil |
| Relator term | Author |
| 942 ## - ADDED ENTRY ELEMENTS (KOHA) | |
| Source of classification or shelving scheme | |
| Koha item type | Books - Non Ficton |
| Withdrawn status | Lost status | Source of classification or shelving scheme | Damaged status | Not for loan | Collection code | Permanent Location | Current Location | Shelving location | Date acquired | Full call number | Barcode | Date last seen | Copy number | Price effective from | Koha item type |
|---|---|---|---|---|---|---|---|---|---|---|---|---|---|---|---|
| Non-Fiction | KH8 Senior School Library | KH8 Senior School Library | Non Fiction | 2019-09-10 | 468 THA | 3KHSL000101356 | 2019-09-10 | 1 | 2019-09-10 | Books - Non Ficton | |||||
| Non-Fiction | KH8 Senior School Library | KH8 Senior School Library | Non Fiction | 2019-10-14 | 468 THA | 3KHSL000101415 | 2019-10-14 | 2 | 2019-10-14 | Books - Non Ficton | |||||
| Teaching Resources | KH8 Senior School Library | KH8 Senior School Library | Staff Office | 2023-10-20 | 468 THA | TRKHSL004151 | 2023-10-20 | 2023-10-20 | Teaching Resources | ||||||
| Teaching Resources | KH8 Senior School Library | KH8 Senior School Library | Staff Office | 2023-10-20 | 468 THA | TRKHSL004152 | 2023-10-20 | 2023-10-20 | Teaching Resources | ||||||
| Teaching Resources | KH8 Senior School Library | KH8 Senior School Library | Staff Office | 2023-10-20 | 468 THA | TRKHSL004153 | 2023-10-20 | 2023-10-20 | Teaching Resources | ||||||
| Teaching Resources | KH8 Senior School Library | KH8 Senior School Library | Staff Office | 2023-10-20 | 468 THA | TRKHSL004154 | 2023-10-20 | 2023-10-20 | Teaching Resources | ||||||
| Teaching Resources | KH8 Senior School Library | KH8 Senior School Library | Staff Office | 2023-10-20 | 468 THA | TRKHSL004155 | 2023-10-20 | 2023-10-20 | Teaching Resources | ||||||
| Teaching Resources | KH8 Senior School Library | KH8 Senior School Library | Staff Office | 2023-10-20 | 468 THA | TRKHSL004156 | 2023-10-20 | 2023-10-20 | Teaching Resources | ||||||
| Teaching Resources | KH8 Senior School Library | KH8 Senior School Library | Staff Office | 2023-10-20 | 468 THA | TRKHSL004157 | 2023-10-20 | 2023-10-20 | Teaching Resources | ||||||
| Teaching Resources | KH8 Senior School Library | KH8 Senior School Library | Staff Office | 2023-10-20 | 468 THA | TRKHSL004158 | 2023-10-20 | 2023-10-20 | Teaching Resources |